Регионална библиотека "Любен Каравелов" - Русе

Маските на Бога (Запис номер 53902)

MARC детайли
000 -Лидер
Контролно поле с фиксирана дължина 02614nam a2200493 c 4500
003 - Код на организацията, давaща контролен номер
Контролно поле BLK
005 - Дата и час на последна редакция
Контролно поле 20240813090020.0
008 - Елементи от данни с фиксирана дължина
fixed length control field 180408b bul|||||r ||||||| ||bul||
010 ## - Наследен системен номер
LC control number KNG00057844000
020 ## - Международен стандартен номер на книга ISBN
Международен стандартен номер на книга ISBN 954-320-011-4
-- издат.: Рива - на том(т. 2)
040 ## - Източник на каталожния запис
Идентификатор на билиотеката - собственик на записа BLK
041 ## - Код за език
Код за езика на текст/звукозапис или на отделно заглавие Български
Код за езика КДБФ Български
080 ## - УДК
Текстов определител УДК Обща и сравнителна наука за религията. Религиозна традиция и литература на отделен народ
УДК код - определител по УДК 291
УДК определител
УДК - код + определител 291
080 ## - УДК
Текстов определител УДК Етнология. Етнография. Нрави. Обичаи. Бит. Фолклористика. Вж и 572 ; 903 ; 904
УДК код - определител по УДК 39
УДК определител
УДК - код + определител 39
080 ## - УДК
Текстов определител УДК Религиозни учения. Догми. Обожествяване на природата - култ към фалоса и черепа, митове, тотемизъм, табу, манизъм, анимизъм, фетишизъм, тотемизъм. Демони. Космогония. Край на света. Есхатология
УДК код - определител по УДК 291.2
УДК определител (5-11)
УДК - код + определител 291.2(5-11)
100 1# - Редна дума - Автор
Автор Камбъл, Джоузеф
Авторска отговорност първи автор
R(LIN) 285272
139 ## - Редно поле
Редна дума Камбъл, Джоузеф
Авторски знак Камб - К 22
245 10 - Сведения за заглавието
Заглавие Маските на Бога
Подзаглавни данни В 4 т.
Редно поле (дума) Джоузеф Камбъл; прев. от англ. Цветан Георгиев Петков.
Том Т. 2
Заглавие на том Източна митология
257 ## - Страна на издаване
Страна на създаване/издаване Великобритания
260 ## - Област на издателските данни
-- София
Година на издаване 2002 -
300 ## - Физическа характеристика
Размери/Мащаб 21 см
380 ## - Жанр
Жанр Религия. Теология
500 ## - Общи забележки
Забележка Ориг. загл. The Masks of God / Joseph Campbell. - Офс. изд.
504 ## - Забележка за наличие на библиография и др
Забележка за наличие на библиография и под. 531-558
650 #4 - Допълнително описание по предмет – тема
Основно описание – тема или топоним Митология
9 (RLIN) 162418
650 #4 - Допълнително описание по предмет – тема
Основно описание – тема или топоним Религии - история
9 (RLIN) 245761
650 #4 - Допълнително описание по предмет – тема
Основно описание – тема или топоним Източни религии
9 (RLIN) 246636
650 #4 - Допълнително описание по предмет – тема
Основно описание – тема или топоним Митология, източна
9 (RLIN) 285273
651 #4 - Допълнително описание по предмет - топоним
Географско понятие Индия
9 (RLIN) 178950
651 #4 - Допълнително описание по предмет - топоним
Географско понятие Китай
9 (RLIN) 242505
651 #4 - Допълнително описание по предмет - топоним
Географско понятие Тибет
9 (RLIN) 179656
651 #4 - Допълнително описание по предмет - топоним
Географско понятие Япония
9 (RLIN) 179845
653 ## - Ключова дума – ненормативна
Ключова дума митология
653 ## - Ключова дума – ненормативна
Ключова дума религии
653 ## - Ключова дума – ненормативна
Ключова дума Изток
700 1# - Други автори (авторска отговорност)
Лично име Петков, Цветан Георгиев
Автороска отговорност (Описва отношението между автора и произведението) прев. от англ.
9 (RLIN) 363360
760 1# - Описание на основната серия
-- - на том(т. 2)
Редна дума на основното описание Камбъл, Джоузеф
Място на издаване, издател и година Рива, 2004
Страници - том 583 с. : с ил., сх., табл.
Забележка - том Ориг. загл. Oriental Mythology / Joseph Campbell. - Библиогр. с. 531-558 с. ; Азб. показалец.
Заглавие Т. 2 Източна митология
852 ## - Местоположение
Форматна сигнатура Цб 214770
856 4# - Електронен адрес и достъп
Електронен формат pdf - файл
Път до файла /url/
856 4# - Електронен адрес и достъп
Електронен формат pdf - файл
Път до файла /url/
942 ## - АРТИКУЛИ
Вид на библиотечния материал Книги
Скрит в OPAC Не
Koha issues (borrowed), all copies 6
944 ## - СЪЗДАВАНЕ И РЕДАКЦИЯ на ЗАПИСА
Създаване/Редакция Създаване
Дата на регистрацията/редакция 25.01.2006
Служител, извършил регистрацията/редакцията 30576
Статус, дата на статуса Цветомила Тодорова
944 ## - СЪЗДАВАНЕ И РЕДАКЦИЯ на ЗАПИСА
Създаване/Редакция Редакция
Дата на регистрацията/редакция 13.10.2008
Служител, извършил регистрацията/редакцията
999 ## - СИСТЕМНИ КОНТРОЛНИ НОМЕРА
Koha biblionumber 53902
Koha biblioitemnumber 53902
Наличности
Код за отписване Код за изгубен артикул Код за повреда Коз за рестрикции Код за отдаване Артикулен № Име на библиотеката - собственик Име на библиотеката, в която се намира в момента Статус (Текущо местоположение) Дата на вписване в системата Местоположение - отдел Цена в лева Инвентарен номер Систематично азбучна сигнатура Баркод Номер на екземпляра Цена в евро Служебна бележка Служебен тип на артикула
  Не е изгубен Не е повреден без рестрикции ползва се в читалня 84881 Регионална библиотека "Любен Каравелов" Русе Регионална библиотека "Любен Каравелов" Русе Хранилище 2006-01-25 Хранилище 18.00 120000699600 Цб 214770 120000699600 1 9.20 Дост: Dp Вид: Д N: 3 Дата: 05.01.2005 Книги
  Не е изгубен Не е повреден без рестрикции заемане за дома 84882 Регионална библиотека "Любен Каравелов" Русе Регионална библиотека "Любен Каравелов" Русе Заемна - подръчен фонд 2007-12-27 Заемна - подръчен фонд 18.00 120000721877 П 29/К 22 120000721877 2 9.20 Дост: Pk Вид: Ф N: 13345 Дата: 17.12.2007 Дата инв: 02.02.2018 Бележки инв: П2018 Книги
  Не е изгубен Не е повреден без рестрикции заемане за дома 84883 Регионална библиотека "Любен Каравелов" Русе Регионална библиотека "Любен Каравелов" Русе Заемна - подръчен фонд 2008-09-29 Заемна - подръчен фонд 18.00 120000729930 П 29/К 22 120000729930 3 9.20 Дост: Pk Вид: Ф N: 8937 Дата: 24.09.2008 Дата инв: 02.02.2018 Бележки инв: П2018 Книги
  Не е изгубен Не е повреден без рестрикции заемане за дома 84884 Регионална библиотека "Любен Каравелов" Русе Регионална библиотека "Любен Каравелов" Русе Заемна - подръчен фонд 2008-09-29 Заемна - подръчен фонд 18.00 120000729931 П 29/К 22 120000729931 4 9.20 Дост: Pk Вид: Ф N: 8937 Дата: 24.09.2008 Дата инв: 02.02.2018 Бележки инв: П2018 Книги
  Не е изгубен Не е повреден без рестрикции заемане за дома 84885 Регионална библиотека "Любен Каравелов" Русе Регионална библиотека "Любен Каравелов" Русе Заемна - подръчен фонд 2008-09-29 Заемна - подръчен фонд 18.00 120000729932 П 29/К 22 120000729932 5 9.20 Дост: Pk Вид: Ф N: 8937 Дата: 24.09.2008 Дата инв: 02.02.2018 Бележки инв: П2018 Книги
Vip Innovations Ltd, Rousse, Bulgaria 2025